| 000 | 00645nam a2200181 i 4500 | ||
|---|---|---|---|
| 001 | 60368 | ||
| 003 | ES-MaACL | ||
| 005 | 20230906164223.0 | ||
| 007 | t| | ||
| 008 | 031104s1981 sp ||||1| spa d | ||
| 100 | 1 |
_aEscolar Méndez, Daniel. _947606 |
|
| 245 | 1 | 0 |
_aFisicoquímica matemática / _cpreparada por Daniel Escolar Méndez ; [Angel Rodríguez de Bodas, Jesús Morcillo Rubio]. |
| 260 |
_a[Madrid] : _bUniversidad Nacional de Educación a Distancia, _c[1981] |
||
| 300 |
_a4 t. en 1 v. ; _c30 cm. |
||
| 700 | 1 |
_aRodríguez de Bodas, Angel. _998442 |
|
| 700 | 1 |
_aMorcillo Rubio, Jesús. _983191 |
|
| 852 |
_aES-MaACL _jL-2713 _bR.103663 |
||
| 999 |
_c60368 _d60368 |
||